000 00313nam a22001217a 4500
999 _c5076
_d5076
008 250520b ||||| |||| 00| 0 eng d
020 _a9781682970256
082 _a570 PAR
100 _aPARKER,STEVE
_eAUTHOR
245 _aBUBBLING BIOLOGY
260 _a6 ORCHARD,LAKE FOREST,CA 92630
_bQEB PUBLISHING
942 _2ddc